00598nam a2200145Ia 4500008004100000020001400041040002900055050002500084100004800109245011600157260003600273942000700309952011900316999001700435230222s9999||||xx |||||||||||||| ||und|| a854032711 cChuka University Library aTP 248 bP77D47 1986 aD.M. Blow, A.R. Fersht and G. Winter 96750 0aDesign, construction and properties of novel protein molecules :Proceedings of ………… aThe Royal SocietybLondonc1986 cBK 001040708LGLaCHKbCHKcGENd2023-02-22l0oTP 248 .P77D47 1986p6442/2010r2023-02-22 00:00:00w2023-02-22yBK c11473d11473